Congress shall make no law (Record no. 225759)
[ view plain ]
| 000 -LEADER | |
|---|---|
| fixed length control field | 01488nam a2200373 a 4500 |
| 082 04 - DEWEY DECIMAL CLASSIFICATION NUMBER | |
| Classification number | 342.7308/53 |
| 100 1# - MAIN ENTRY--AUTHOR NAME | |
| Personal name | O'Brien, David M. |
| 245 10 - TITLE STATEMENT | |
| Title | Congress shall make no law |
| 260 ## - PUBLICATION, DISTRIBUTION, ETC. (IMPRINT) | |
| Place of publication | Lanham, Md. : |
| Name of publisher | Rowman & Littlefield Publishers, |
| Year of publication | c2010. |
| 300 ## - PHYSICAL DESCRIPTION | |
| Number of Pages | xiii, 136 p. |
| 490 1# - SERIES STATEMENT | |
| Series statement | Free expression in America series |
| 650 #0 - SUBJECT ADDED ENTRY--TOPICAL TERM | |
| Topical Term | Freedom of speech |
| Topical Term | Libel and slander |
| Topical Term | Hate speech |
| Topical Term | Obscenity (Law) |
| 856 40 - ELECTRONIC LOCATION AND ACCESS | |
| Uniform Resource Identifier | http://site.ebrary.com/lib/rucke/Doc?id=10483523 |
No items available.
